000 00650nam a2200277Ia 4500
005 20260324112423.0
008 008 260324s9999 xx 000 0 eng d
020 _a9780367855024
037 _aEBOOK
040 _aCRL
040 _beng
040 _cCRL
041 _2eng
041 _aeng
084 _qCRL
100 _aMary Anne Heng
_91142624
245 0 _aInspiring Purpose in High-Performance Schooling
260 _bTaylor and Francis
260 _c2024
365 _a
365 _b230
856 _uhttp://www.taylorfrancis.com/books/9780367855024
942 _cEBOOK
999 _c1731823
_d1731823